| 000 | 00354nam a22001457a 4500 | ||
|---|---|---|---|
| 003 | SGT | ||
| 082 | _a346.20954,KAP | ||
| 100 | _aKAPOOR,S.K | ||
| 245 | _aCONTRACT-II ALONGWITH SALE OF GOODS ACT & INDIAN PATNERSHIP ACT | ||
| 250 | _a13TH | ||
| 260 |
_aALLAHABAD _bCENTRAL LAW AGENCY _c2012 |
||
| 300 | _a379 | ||
| 650 | _aCONTRACT-II | ||
| 942 |
_2ddc _cBK _01 |
||
| 999 |
_c9552 _d9552 |
||